000 00544cam a22001571 4500
082 _a658.4032
_bCRI
_cL-21, P-44
100 1 _aThornley, Gail,
_944623
245 1 0 _aCritical path analysis in practice;
_bcollected papers on project control.
260 _aLondon,
_aNew York [etc.]
_bTavistock,
_c1968.
300 _aiii-xii, 152 p.
_billus.
_c25 cm.
500 _a"Distributed in the U.S.A. by Barnes & Noble."
526 _a0
_b0
_c0
_d658_403200000000000_CRI
650 0 _aCritical path analysis.
_926640
650 0 _aMCE
_9379
942 _2ddc
_cBK
999 _c548362
_d548362